Polskie miasta bez kolei pasażerskiej - Statystyki

Ogólne statystyki
  • Ten quiz został rozwiązany 162 razy
  • Średni wynik to 10 z 37
Statystyki odpowiedzi
# Populacja Miasto Województwo % Poprawnych
1 82 301 Jastrzębie-Zdrój śląskie
71%
3 59 476 Łomża podlaskie
69%
4 52 331 Bełchatów łódzkie
61%
2 63 185 Siemianowice Śląskie śląskie
47%
5 51 707 Piekary Śląskie śląskie
43%
7 32 034 Police zachodniopomorskie
39%
12 22 002 Aleksandrów Łódzki łódzkie
33%
8 30 492 Czeladź śląskie
33%
6 39 510 Marki mazowieckie
33%
33 16 218 Bytów pomorskie
27%
11 24 841 Świecie kujawsko-pomorskie
26%
20 19 064 Pułtusk mazowieckie
24%
16 20 848 Zambrów podlaskie
24%
15 21 314 Bartoszyce warmińsko-mazurskie
23%
17 20 533 Mrągowo warmińsko-mazurskie
22%
9 28 262 Śrem wielkopolskie
22%
29 16 884 Przasnysz mazowieckie
21%
10 24 977 Turek wielkopolskie
21%
30 16 758 Grójec mazowieckie
20%
19 19 200 Konstantynów Łódzki łódzkie
20%
34 16 090 Rawa Mazowiecka łódzkie
20%
25 17 709 Tomaszów Lubelski lubelskie
19%
23 18 052 Chełmno kujawsko-pomorskie
18%
37 15 282 Krapkowice opolskie
18%
31 16 489 Lędziny śląskie
18%
36 15 721 Olecko warmińsko-mazurskie
18%
13 21 530 Ostrów Mazowiecka mazowieckie
18%
26 17 500 Łęczna lubelskie
17%
18 20 023 Gostyń wielkopolskie
16%
24 17 745 Myślenice małopolskie
16%
35 15 760 Kozienice mazowieckie
15%
22 18 226 Łomianki mazowieckie
15%
14 21 505 Polkowice dolnośląskie
15%
32 16 245 Bogatynia dolnośląskie
14%
21 18 361 Sokołów Podlaski mazowieckie
14%
28 17 032 Konstancin-Jeziorna mazowieckie
13%
27 17 096 Niepołomice małopolskie
11%
Nie znaleziono quizów pasujących do podanych kryteriów
Rozkład punktacji
Procent ludzi z każdym wynikiem
Percentyl według liczby udzielonych odpowiedzi
Twoja historia wyników
Nie rozwiązałeś tego quizu